Top 20 All Time Mariners - Statistics

General Stats
  • This quiz has been taken 91 times
  • The average score is 12 of 20
Answer Stats
Years Hint Pos. Answer % Correct
1989 - 1999; 2009 - 2010 "The Kid" OF Ken Griffey Jr.
99%
2001 - 2013; 2018 - 2019 Japanese Superstar OF Ichiro Suzuki
97%
1989 - 1998 "The Big Unit" SP Randy Johnson
96%
1987 - 2004 First DH in the Baseball Hall of Fame DH Edgar Martinez
92%
2005 - 2019 "The King" SP Felix Hernandez
90%
1998 - 2001 "Bone" OF Jay Buhner
78%
1994 - 2000 4 Time All Star with a history of Steroids SS Alex Rodriguez
76%
2011 - 2021 Held the third base in his final game 3B Kyle Seager
67%
2015 - 2018 "Boomstick Baby!!!" DH Nelson Cruz
58%
1994 - 2005 Best Catcher in the Organization C Dan Wilson
56%
1996 - 2006 Most Recent M's Hall of Famer SP Jamie Moyer
54%
1984 - 1991 "Mr. Mariner" 1B Alvin Davis
53%
2000 - 2003 2001 Center Fielder CF Mike Cameron
53%
2000 - 2004 "Johnny-O" 1B John Olerud
49%
1992 - 1993; 2001 - 2005 4 GG's, 3 Time All Star, 2 SS's 2B Bret Boone
47%
2013 - 2018; 2021 "The Big Maple" SP James Paxton
46%
2000 - 2003 Leads the team in all time saves CP Kazuhiro Sasaki
35%
1983 - 1992 3 Time Gold Glover 2B Harold Reynolds
31%
1996 - 2000; 2004 - 2008; 2013 Aged like fine wine OF Raul Ibanez
28%
2012 - 2017 Holds the lowest WHIP in franchise history SP Hisashi Iwakuma
26%
No matching quizzes found
Score Distribution
Percent of People with Each Score
Percentile by Number Answered
Your Score History
You have not taken this quiz